| 000 | 00595nam a22001817a 4500 | ||
|---|---|---|---|
| 003 | CEME | ||
| 005 | 20210628202213.0 | ||
| 008 | 210209b xxu||||| |||| 00| 0 eng d | ||
| 020 | _a0-470-85100-7 | ||
| 040 | _c. | ||
| 082 | _a384.53 AHO | ||
| 100 |
_aAhonen , Tomi .T ,Kasper ,Timo ,Melkko , Sara _958746 |
||
| 245 | _a3g marketing ,communities and strategic partnerships | ||
| 260 |
_aENGLAND _bJOHN WILEY _c2004 |
||
| 300 | _aXXIII,332P | ||
| 650 |
_aCELLULAR TELEPHONES SERVICES INDUSTRY. CELLULAR TELEPHONES EQUIPMENT INDUSTRY. CELLULAR TELEPHONES- MARKETING _958747 |
||
| 942 |
_cBK _2ddc |
||
| 999 |
_c568867 _d568867 |
||